000 00348 a2200157 4500
001 157222
020 _a8598611336
040 _cEscola São Tomás de Aquino
100 _aHeck, Lenira Almeida
240 1 0 _aA borboleta azul
_l
245 1 0 _aA borboleta azul
300 _a28
362 0 _a2006
697 _a*LITERATURA INFANTO
942 _cBK
999 _c157222
_d157222